All foreign players Bayern München - Statistics

General Stats
  • This quiz has been taken 374 times
    367 since last reset
  • The average score is 54 of 182
Answer Stats
Hint Answer % Correct
David Alaba
87%
Arjen Robben
86%
Franck Ribéry
84%
Robert Lewandowski
84%
Harry Kane
81%
Alphonso Davies
80%
Kingsley Coman
76%
Min-Jae Kim
76%
Xabi Alonso
72%
Javi Martínez
71%
Thiago
71%
Mario Mandžukić
70%
Matthijs De Ligt
70%
Dayot Upamecano
69%
James Rodríguez
67%
Coutinho
65%
Daniel Van Buyten
65%
Douglas Costa
65%
Luca Toni
62%
Mark Van Bommel
62%
Claudio Pizarro
61%
Dante
61%
Lucas Hernández
61%
Marcel Sabitzer
61%
Sadio Mané
61%
Arturo Vidal
60%
Noussair Mazraoui
60%
Eric Maxim Choupo-Moting
59%
Hamit Altintop
59%
Ivica Olić
59%
Benjamin Pavard
58%
Ivan Perišić
58%
Konrad Laimer
57%
Martín Demichelis
57%
Lúcio
56%
Owen Hargreaves
56%
Rafinha
56%
Xherdan Shaqiri
56%
Corentin Tolisso
55%
Giovane Élber
53%
Zé Roberto
52%
Juan Bernat
51%
Medhi Benatia
51%
Raphaël Guerreiro
50%
Bixente Lizarazu
48%
Landon Donovan
48%
Roque Santa Cruz
48%
Yann Sommer
48%
Hasan Salihamidžić
47%
Mathys Tel
47%
Renato Sanches
47%
Willy Sagnol
47%
João Cancelo
45%
Patrik Andersson
45%
Björn Andersson
44%
Brian Laudrup
44%
Roy Makaay
44%
Anatoliy Tymoshchuk
43%
Pierre-Emile Højbjerg
41%
Samuel Kuffour
41%
Bouna Sarr
40%
Daniel Peretz
40%
Pepe Reina
40%
Ryan Gravenberch
39%
Ali Daei
38%
Danijel Pranjić
38%
Luiz Gustavo
38%
Massimo Oddo
38%
Josip Stanišić
37%
Breno
36%
Niko Kovač
36%
Robert Kovač
36%
Paolo Guerrero
35%
Chris Richards
34%
Omar Richards
34%
Daley Blind
33%
Ali Karimi
31%
Joshua Zirkzee
30%
José Sosa
29%
Paulo Sérgio
29%
Jean-Marie Pfaff
28%
Álvaro Odriozola
27%
Edson Braafheid
27%
Vahid Hashemian
27%
Jean-Pierre Papin
26%
Takashi Usami
26%
Julian Green
25%
Mark Hughes
25%
Ciriaco Sforza
23%
Malik Tillman
22%
Adolfo Valencia
21%
Mickaël Cuisance
21%
Alan McInally
20%
Andreas Herzog
20%
Jorginho
20%
Marc Roca
20%
Sarpreet Singh
20%
Woo-Yeong Jeong
20%
Julio Dos Santos
19%
Søren Lerby
19%
Valérien Ismaël
19%
Einar Aas
18%
Ruggiero Rizzitelli
18%
Zvjezdan Misimović
18%
Alain Sutter
17%
Mehmet Ekici
17%
Tiago Dantas
17%
Johnny Hansen
16%
David Jarolím
15%
Jan Wouters
15%
Tanguy Nianzou
15%
Torben Hansen
15%
Viggo Jensen
15%
Bernardo
14%
Harald Cerny
14%
Pablo Thiam
14%
Radmilo Mihajlović
14%
Emil Kostadinov
13%
Johnny Ekström
13%
Marco Friedl
13%
Branko Oblak
11%
Erland Johnsen
11%
Stefan Maierhofer
11%
Allan Nielsen
10%
Alou Diarra
10%
Conny Torstensson
10%
Kwasi Wriedt
10%
Lars Lunde
10%
Miloš Pantović
10%
Nicola Sansone
10%
Nils-Eric Johansson
10%
Pasi Rautiainen
10%
Ryan Johansson
10%
Berkant Göktan
9%
Deniz Yılmaz
9%
Christian Saba
8%
Martin Jol
8%
Taylor Booth
8%
Ásgeir Sigurvinsson
7%
Ivan Lučić
7%
Peter Pumm
7%
Alessandro Schöpf
6%
Barbaros Barut
6%
Christoph Knasmüllner
6%
Dimitri Oberlin
6%
Dušan Jovanović
6%
Louis N'Gwat-Mahop
6%
Sławomir Wojciechowski
6%
Taichi Fukui
6%
Aleksandr Karataev
5%
Andrew Sinkala
5%
August Starek
5%
Daniels Ontužāns
5%
Ladislav Jirasek
5%
Liam Morrison
5%
Mazinho Oliveira
5%
André Nagy
4%
Anton Vučkov
4%
Bobby Dekeyser
4%
Boy Deul
4%
Erhan Önal
4%
Gabriel Marušić
4%
Kjeld Seneca
4%
Nemanja Motika
4%
Ramiro Blacut
4%
Uğur Tütüneker
4%
Zlatko Škorić
4%
Zvonko Bego
4%
Árpád Fazekas
3%
Bosco Senčar
3%
Bülent Eralp
3%
József Zsámboki
3%
Karl Pekarna
3%
Mihail Lozanov
3%
Miloš Milutinović
3%
Rémy Vita
3%
Viktor Hierländer
3%
Willem Hesselink
3%
Adolf Riebe
2%
Daniel Sikorski
2%
István Sipos
2%
Tibor Lőrincz
2%
No matching quizzes found
Score Distribution
Percent of People with Each Score
Percentile by Number Answered
Your Score History
You have not taken this quiz since the last reset